| 000 | 00815nam a2200229Ia 4500 | ||
|---|---|---|---|
| 999 |
_c64580 _d64580 |
||
| 005 | 20240530110739.0 | ||
| 008 | 140319s1989 xx 000 0 ara d | ||
| 017 | _bمصر. دار الكتب | ||
| 040 |
_aGCL / _cGCL |
||
| 082 | 0 | 4 |
_221 _a210\ _bس إ |
| 100 | 0 | _aسميح عاطف الزين | |
| 245 | 1 | 0 |
_aالاسلام وايدلوجية الانسان / _cسميح عاطف الزين |
| 260 |
_aبيروت : _bدار الكتاب الحديث ، _c1989 |
||
| 300 |
_a444 ص. ؛ _c24 سم. |
||
| 650 | 0 | 4 |
_aالاقتصاد الاسلامى _2qrmak |
| 650 | 0 | 4 |
_aالشريعة الاسلامية _2qrmak |
| 650 | 0 | 4 |
_aالحرية فى الاسلام _2qrmak |
| 650 | 0 | 4 |
_aالاسلام - نظام الحكم _2qrmak |
| 651 | _2qrmak | ||
| 942 |
_2ddc _cBK |
||